1020 1405 1130 1655 1626 1240 1867 1138 1503 1987 1264 1531 1037 1756 1218 1625 1523 1715 1237 1493 1948 1605 1822 1066 1989 1242 1819 1629 1034 1120 1768 1492 1775 1945 1577 1876 1170 1338 1223 1316 1457 1464 1331 1130 1478 1619 1997 1537 1316 1784 1920 1417 1140 1080 1158 1576 1955 1892 1133 1652 1273 1858 1380 1041 1878 1590 1485 1886 1761 1989 1362 1535 1604 1603 1449 1350 1525 1993 1603 1602 1859 1277 1198 1969 1129 1879 1521 1809 1841 1864 1665 1011 1421 1094 1038 1505 1888 1240 1946 BCNSPRNW ULIB Ver.6.0+V

เปลี่ยนเป็นภาษาไทย

Change to English
 แสดงรายละเอียดบรรณานุกรม
  กลับหน้าหลัก

Brief Record : Get Marc (ISO 2709) : E-mail record : QR code < ปิดหน้าต่าง
LEADER : 00000nam 2200000uu 4500
001    13399126831
003     ULIB
008    020711s2560 th a 000 0 tha d
060    วจ.^aWY20.5^bน645ก
100    ^aนิรนาท วิทยโชคกิติคุณ และ ศิริพร แก้วกุลพัฒน์.
245    ^aการพัฒนารูปแบบการเรียนแบบร่วมมือด้วยเทคนิคจิ็กซอว์เพื่อส่งเสริมผลลัพธ์ทางการเรียนของนักศึกษาพยาบาลศาสตรบัณฑิต วิทยาลัยพยาบาลบรมราชชนนี สวรรค์ประชารักษ์ นครสวรคค์ : Development of Jigsaw Cooperative Learning Technique to Enhance Learning Outcomes of Nursing Students, Bechelor of Nursing Science Program Boromarajonani College of Nursing, Sawanpracharak Nakhonsawan.
260    ^aนครสวรรค์ :^bวิทยาลัยพยาบาลบรมราชชนนีสวรรค์ประชารักษ์ นครสวรรค์,^c2560
300    ^a111 หน้า;^b29 ซม.
650    ^aการพยาบาล
945    ^p0^l0^i005490
945    ^p0^l0^i005491
999    ^aอังศุธร กาญจนาโรจน์พันธ์
รายการนี้ยังไม่มีแท็ก
คุณยังไม่ได้ล็อกอิน คุณสามารถมีกิจกรรมร่วมกับเว็บไซต์ได้ แต่ต้องล็อกอินก่อน ::
  ล็อกอิน

รายการสื่อสารสนเทศ

ลำดับที่ ประเภท เลขเรียก/บาร์โค้ด สถานที่ สถานะ
1. Book การพยาบาล
Book การพยาบาล
วจ. WY20.5 น645ก ฉ.1 
  Barcode: 005490
ห้องสมุดวิทยาเขตสวรรค์ประชารักษ์
►หนังสือทั่วไป
บนชั้น
2. Book การพยาบาล
Book การพยาบาล
วจ. WY20.5 น645ก ฉ.2 
  Barcode: 005491
ห้องสมุดวิทยาเขตสวรรค์ประชารักษ์
►หนังสือทั่วไป
บนชั้น

รายการใกล้เคียง
    หัวเรื่อง [การพยาบาล]

BibComment


ยังไม่เคยถูกคอมเมนท์

คอมเมนท์ทรัพยากรรายการนี้
  คอมเมนท์: การพัฒนารูปแบบกา..


 Copyright 2026. Bcnsprnw @Library